000 01523nam a2200349 a 4500
999 _c147874
_d147874
003 BLK
005 20250501004115.0
008 180410b bul|||||r ||||||| ||bul||
010 _aKNG00154093000
040 _aBLK
041 _aBUL
_cBUL
080 _aАнглийска литература
_b821.111
_x-31
_z821.111-31
100 1 _aРид, Томас Майн
_d1818-1883
_eпърви автор
_9365222
139 _aРид, Томас Майн
_bР 59
245 1 0 _aМорското вълче или Пътуване в мрака
_bРоман за юноши
_cТомас Майн Рид; прев. от англ. Сидер Петров Флорин; худож. Любен Христов Зидаров.
250 _a2. изд.
257 _aGBR
260 _aСофия
_bНар. младеж
_c1975
300 _a248 с.
_bс ил.
_c21 см
380 _aDX
490 _aБиблиотека Приключения и научна фантастика
_v91
_9204436
500 _aОриг. загл. The boy tar or A voyage in the dark. - 50 125 тир.
700 _aЗидаров, Любен Христов
_eхудож.
_9365107
700 1 _aФлорин, Сидер Петров
_d1912-1999
_gПреводач от руски и английски език
_eпрев. от англ.
_9134445
852 _aЦб 76164
856 4 _qpdf
856 4 _qpdf
942 _cKNG
_n0
_s1
944 _aCR
_c29.11.2013
_lCRON CRON
_k
944 _aED
_c2022-09-26
_l2022-09-26
_kир
999 _d147874